[Event "7th Veselin Boskovic Mem Op"]
[Site "Beograd SRB"]
[Date "2006.10.06"]
[Round "5"]
[White "Klasan,V"]
[Black "Ostojic,N"]
[Result "0-1"]
[WhiteElo "2220"]
[BlackElo "2412"]

1.e4 d5 2.exd5 Qxd5 3.Nc3 Qd6 4.d4 Nf6 5.Nf3 a6 6.h3 Nc6 7.Bd3 Nb4 8.Bc4 Be6
9.Bxe6 Qxe6+ 10.Be3 Nbd5 11.Nxd5 Nxd5 12.O-O Nxe3 13.fxe3 Qxe3+ 14.Kh1 f6
15.Re1 Qf4 16.c4 O-O-O 17.Qe2 e5 18.dxe5 Bb4 19.Red1 fxe5 20.Qxe5 Qxe5 21.Nxe5 Rde8
22.Nd3 Bd6 23.Rd2 Bg3 24.Rf1 h5 25.Kg1 h4 26.Rf7 Rd8 27.Rxg7 Rd4 28.Rg4 Rd7
29.Kf1 Re8 30.Re2 Rf8+  0-1

[Event "Open"]
[Site "Winterthur SUI"]
[Date "2006.10.07"]
[Round "2"]
[White "Haba,P"]
[Black "Brunner,W"]
[Result "1-0"]
[WhiteElo "2526"]
[BlackElo "2168"]

1.e4 d5 2.exd5 Qxd5 3.Nc3 Qd6 4.d4 Nf6 5.Nf3 c6 6.Ne5 Nbd7 7.Nc4 Qc7 8.Qf3 e6
9.Bf4 Qd8 10.Nd6+ Bxd6 11.Bxd6 Nb6 12.Qg3 Nbd5 13.Bd3 Nxc3 14.bxc3 g6 15.Qe5 Rg8
16.O-O Nh5 17.Rfe1 f6 18.Qc5 Kf7 19.a4 Ng7 20.a5 Ne8 21.Bf4 Qe7 22.Qxe7+ Kxe7
23.c4 Kd8 24.Rab1 Rg7 25.h4 Nc7 26.Re3 Rd7 27.c3 Ke7 28.h5 g5 29.Bxc7 Rxc7
30.Bxh7 Bd7 31.c5 Rh8 32.Bg6 Kf8 33.g4 Kg7 34.f3 Bc8 35.Bd3 Rd8 36.Bc4 Re7
37.Kf2 a6 38.Rbe1 Rde8 39.Bd3 Bd7 40.Kg3 Kh6 41.Bg6 Rd8 42.Rf1 Be8 43.Bxe8 Rdxe8
44.Rfe1 e5 45.dxe5 fxe5 46.Rd1 Kh7 47.Rd6 Rg8 48.Kf2 Rf8 49.Rg6 Rd8 50.Rxg5 Rd5
51.f4 Rf7 52.Rgxe5 Rxe5 53.Rxe5 Rxf4+ 54.Kg3 Rc4 55.g5 Rxc3+ 56.Kg4  1-0

[Event "WJun Girls"]
[Site "Yerevan ARM"]
[Date "2006.10.07"]
[Round "5"]
[White "Hairapetian,A"]
[Black "Hamrakulova,Y"]
[Result "1/2-1/2"]
[WhiteElo "2064"]
[BlackElo "2209"]

1.e4 d5 2.exd5 Qxd5 3.Nc3 Qd6 4.Bc4 Nf6 5.d3 Bg4 6.f3 Bd7 7.Nge2 e5 8.Bg5 Be7
9.Qd2 a6 10.Ng3 Be6 11.Bxe6 Qxe6 12.O-O-O h6 13.Bxf6 Bxf6 14.Nge4 Be7 15.g4 Nc6
16.Kb1 O-O-O 17.h4 Nd4 18.Qe3 f5 19.Nf2 Bf6 20.Rde1 Qc6 21.f4 Nf3 22.Rd1 fxg4
23.Nxg4 exf4 24.Qxf4 Bxc3 25.bxc3 Rhf8 26.Qb4 Rf5 27.c4 Rf4 28.Ne3 Nxh4 29.Rhf1 Nf3
30.a3 g5 31.Ka2 Qd6 32.Nd5 Qxb4 33.axb4 Rff8 34.Rh1 Nh4 35.Rde1 c6 36.Nb6+ Kc7
37.c5 Rde8 38.Rhf1 Ng6 39.Rf7+ Rxf7 40.Rxe8 Ne7 41.Rh8 g4 42.Rxh6 g3 43.Rd6 Nc8
44.Na8+ Kb8 45.Rd8 Kxa8 46.Rxc8+ Ka7 47.Rg8 Rf2 48.Rxg3 Rxc2+ 49.Kb3 Rc1
50.Kb2 Rh1 51.Rg8 Rh5 52.d4 Rh4 53.Kc3 Rh1 54.Kc2 Rh2+ 55.Kc3 Rh3+ 56.Kc2 Ra3
57.Kb2 Rh3 58.Kc2 Rh1 59.Rf8 Rh2+ 60.Kc3 Rh3+ 61.Kc2 Rh7 62.Rc8 Rh2+ 63.Kc3 Rh1
64.Kc2  1/2-1/2

[Event "FSIM October"]
[Site "Budapest HUN"]
[Date "2006.10.08"]
[Round "2"]
[White "Henris,L"]
[Black "Schneider,Ve"]
[Result "1-0"]
[WhiteElo "2269"]
[BlackElo "2195"]

1.e4 d5 2.exd5 Qxd5 3.Nc3 Qd6 4.d4 Nf6 5.g3 Bg4 6.f3 Be6 7.Ne4 Qc6 8.Qe2 Nbd7
9.c4 Bf5 10.Nc3 h5 11.Bg2 g6 12.g4 hxg4 13.fxg4 Qd6 14.gxf5 Rxh2 15.Rxh2 Qxh2
16.Be3 gxf5 17.Bxb7 Qxe2+ 18.Ngxe2 Rb8 19.Bc6 Rxb2 20.Bb5 Rb4 21.d5 Bg7 22.O-O-O Ng4
23.Bd4 Bh6+ 24.Kc2 a6 25.a3  1-0

[Event "11th ECU Club Cup w"]
[Site "Feugen AUT"]
[Date "2006.10.08"]
[Round "1"]
[White "Lian,M"]
[Black "Chelushkina,I"]
[Result "0-1"]
[WhiteElo "1841"]
[BlackElo "2353"]

1.e4 d5 2.exd5 Qxd5 3.Nc3 Qd8 4.g3 g6 5.Bg2 Bg7 6.Nf3 Nf6 7.d3 c6 8.O-O O-O
9.Re1 Na6 10.h3 Nc7 11.Qe2 Ne6 12.Ne4 Nd5 13.c3 a5 14.Nfg5 Nxg5 15.Bxg5 h6
16.Be3 Nxe3 17.Qxe3 e5 18.a4 Qc7 19.Nd2 Bf5 20.g4 Be6 21.Nc4 Rfe8 22.Qc5 f6
23.Rad1 Bf8 24.Qe3 Rad8 25.Nd2 Bg7 26.Re2 Bd5 27.Nf3 f5 28.gxf5 gxf5 29.c4 Bxc4
30.Red2 Bd5 31.Qc5 b6 32.Qe3 f4 33.Qe1 Qf7  0-1

[Event "7th Veselin Boskovic Mem Op"]
[Site "Beograd SRB"]
[Date "2006.10.09"]
[Round "7"]
[White "Skoko,Mil"]
[Black "Nestorovic,DN"]
[Result "0-1"]
[WhiteElo "2248"]
[BlackElo "2400"]

1.e4 d5 2.exd5 Qxd5 3.Nc3 Qd6 4.d4 Nf6 5.Nge2 a6 6.Bf4 Qd8 7.Qd2 b5 8.f3 Bb7
9.Ng3 e6 10.Nge4 Be7 11.a3 Nbd7 12.Be2 O-O 13.O-O c5 14.dxc5 Nxc5 15.Nf2 Qb6
16.Rfd1 Rfd8 17.Qe1 Ncd7 18.Bd3 Bc5 19.Kf1 h6 20.Nce4 Bd4 21.c3 Nd5 22.Bc1 Ne3+
23.Bxe3 Bxe3 24.Bc2 Bf4 25.Ng3 Nf6 26.Rxd8+ Rxd8 27.Rd1 Rxd1 28.Qxd1 Nd5
29.Qd3 Ne3+ 30.Kg1 Nxc2 31.Qxc2 Qe3 32.Qe2 Qb6 33.Nf1 Bd5 34.g3 Bg5 35.h4 Be7
36.Ne3 Bb7 37.Nd3 Bd6 38.Kf2 Qc7 39.Nf1 e5 40.Kg2 f5 41.Nf2 Bc5 42.Nd3 e4
43.fxe4 Bxe4+ 44.Kh2 Bd6 45.Nf2 Bd5 46.Nh3 f4 47.gxf4 Bxf4+ 48.Nxf4 Qxf4+
49.Kh3  0-1

[Event "WJun Girls"]
[Site "Yerevan ARM"]
[Date "2006.10.09"]
[Round "7"]
[White "Tairova,E"]
[Black "Hamrakulova,Y"]
[Result "1/2-1/2"]
[WhiteElo "2415"]
[BlackElo "2209"]

1.e4 d5 2.exd5 Qxd5 3.Nc3 Qd6 4.d4 Nf6 5.Nf3 a6 6.Ne5 e6 7.Bf4 c5 8.dxc5 Qxc5
9.Nc4 Nbd7 10.Nd6+ Bxd6 11.Bxd6 Qc6 12.Qd4 Qb6 13.Qd2 Nd5 14.Ba3 N7f6 15.Bd3 h6
16.Ne4 Nxe4 17.Bxe4 Nf6 18.Bf3 Bd7 19.O-O-O Qc7 20.Bd6 Qb6 21.Rhe1 Bc6 22.Bxc6+ Qxc6
23.Ba3 Rc8 24.Kb1 Qc7 25.f4 Rd8 26.Bd6 Qc4 27.b3 Qc6 28.Qd3 Kd7 29.f5 Nd5
30.fxe6+ fxe6 31.c4 Qxd6 32.cxd5 exd5 33.Rc1 Rhe8 34.Qf5+ Re6 35.Re2 Rf8
36.Qg4 g5 37.Rce1 Rf6 38.Rxe6 Rxe6 39.Qf5 Ke7 40.Qh7+ Kd8 41.Qg8+ Kd7 42.Rc1 Re8
43.Qg7+ Re7 44.Qf8  1/2-1/2

[Event "7th Veselin Boskovic Mem Op"]
[Site "Beograd SRB"]
[Date "2006.10.11"]
[Round "9"]
[White "Vuckovic,Br"]
[Black "Nestorovic,DN"]
[Result "0-1"]
[WhiteElo "2182"]
[BlackElo "2400"]

1.e4 d5 2.exd5 Qxd5 3.Nc3 Qd6 4.d4 Nf6 5.Nge2 a6 6.Bf4 Qd8 7.Ng3 e6 8.Bd3 Be7
9.O-O O-O 10.Nce2 Nbd7 11.c3 c5 12.Ne4 cxd4 13.Nxd4 e5 14.Nxf6+ Bxf6 15.Qc2 exf4
16.Bxh7+ Kh8 17.Rad1 Bxd4 18.Rxd4 Qg5 19.Be4 Nf6 20.Bf3 Rb8 21.g3 fxg3 22.hxg3 g6
23.Qa4 Kg7 24.Rh4 Bd7 25.Qf4 Qxf4 26.Rxf4 Bc6 27.Bxc6 bxc6 28.b3 Rfd8 29.Ra4 Rb6
30.c4 c5 31.Re1 Re8 32.Rd1 Re2 33.Kf1 Rc2 34.Ra5 Ne4 35.Re1 Re6 36.Kg1 Nxf2
37.Rxe6 fxe6 38.Rxa6 Kf6 39.Kg2 Kf5 40.Kf3 Ng4  0-1

[Event "22nd ECU Club Cup"]
[Site "Feugen AUT"]
[Date "2006.10.11"]
[Round "4"]
[White "Dervishi,E"]
[Black "Glek,I"]
[Result "1-0"]
[WhiteElo "2545"]
[BlackElo "2538"]

1.e4 d5 2.exd5 Qxd5 3.Nc3 Qd8 4.d4 Nf6 5.Bc4 Bg4 6.f3 Bf5 7.Nge2 h6 8.Bf4 e6
9.d5 exd5 10.Nxd5 Nxd5 11.Qxd5 Qxd5 12.Bxd5 c6 13.Bb3 Bc5 14.O-O-O O-O 15.Ng3 Bg6
16.Rhe1 Na6 17.Ne4 Rfd8 18.Nd6 Bxd6 19.Bxd6 Rd7 20.Be7 Bf5 21.Rxd7 Bxd7 22.Bd6 Re8
23.Rxe8+ Bxe8 24.Bc4 b5 25.Bd3 Bd7 26.c4 f5 27.cxb5 cxb5 28.a4 Kf7 29.axb5 Ke6
30.Bf8 Nc7 31.Bxg7 h5 32.Bc4+ Ke7 33.Kd2 Bxb5 34.Bb3 a6 35.Be5 Ne6 36.Bc2 f4
37.Bd3 Kd7 38.Bxb5+ axb5 39.Kd3 Kc6 40.Ke4 Nc5+ 41.Kxf4 Kd5 42.Bh8 Nd3+ 43.Ke3 Nc5
44.g4 Ke6 45.h3  1-0

[Event "11th ECU Club Cup w"]
[Site "Feugen AUT"]
[Date "2006.10.11"]
[Round "4"]
[White "Neuhauser,S"]
[Black "Korbut,E"]
[Result "0-1"]
[WhiteElo "1838"]
[BlackElo "2435"]

1.e4 d5 2.exd5 Qxd5 3.Nc3 Qd6 4.d4 Nf6 5.Nf3 a6 6.g3 Bg4 7.Bg2 Nc6 8.O-O O-O-O
9.Be3 e5 10.dxe5 Nxe5 11.Qxd6 Bxd6 12.Nd2 Bb4 13.Nde4 Nxe4 14.Nxe4 Be2 15.Rfc1 Nc4
16.Bf4 Rhe8 17.c3 Bf8 18.Re1 Bh5 19.Rab1 h6 20.b3 Ne5 21.Re3 Ng6 22.Rbe1 Nxf4
23.Nd6+ Bxd6 24.Rxe8 Rxe8 25.Rxe8+ Kd7 26.Re4 Ne2+ 27.Kf1 Nxc3 28.Rh4 Be2+
29.Ke1 Bb5 30.a4 Bc6 31.Bh3+ Ke7 32.Kd2 Ne4+ 33.Ke2 Nc5 34.Rb4 a5 35.Rc4 Nxb3
36.Bf5 Bd5 37.Rc3 Nd4+  0-1

[Event "FSIM October"]
[Site "Budapest HUN"]
[Date "2006.10.14"]
[Round "8"]
[White "Lengyel,B"]
[Black "Schneider,Ve"]
[Result "1-0"]
[WhiteElo "2339"]
[BlackElo "2195"]

1.e4 d5 2.exd5 Qxd5 3.Nc3 Qd6 4.d4 Nf6 5.Nf3 a6 6.g3 Bg4 7.Bg2 Nc6 8.h3 Bh5
9.O-O O-O-O 10.Be3 e5 11.dxe5 Nxe5 12.Qxd6 Bxd6 13.Nxe5 Bxe5 14.f4 Bxc3 15.bxc3 Be2
16.Rf2 Bc4 17.Bd4 Nd7 18.f5 Nf6 19.g4 h6 20.Rf4 Bd5 21.Bf1 Rhe8 22.Bd3 Bc6
23.Kf2 Nd5 24.Re4 Rxe4 25.Bxe4 Nxc3 26.Bxc3 Bxe4 27.Bxg7 h5 28.Ke3 Re8 29.Kf4 hxg4
30.hxg4 Bxc2 31.Be5 Re7 32.Rh1 b5 33.g5 Bd3 34.Rh8+ Kd7 35.Rh7 f6 36.Rxe7+ Kxe7
37.Bxf6+ Kf7 38.Bc3 c5 39.a3 b4 40.axb4 cxb4 41.Bxb4 Bc4 42.g6+ Kg7 43.Kg5 Bd5
44.f6+ Kg8 45.Kf5  1-0

[Event "Autumn Cup"]
[Site "Bucharest ROM"]
[Date "2006.10.15"]
[Round "5"]
[White "Moldovan,D"]
[Black "Burnoiu,N1"]
[Result "1/2-1/2"]
[WhiteElo "2450"]
[BlackElo "2419"]

1.e4 d5 2.exd5 Qxd5 3.Nc3 Qd6 4.d4 Nf6 5.Nf3 c6 6.Ne5 Nbd7 7.Bf4 Nxe5 8.dxe5 Qb4
9.Qd2 Nd5 10.Nxd5 Qxd2+ 11.Kxd2 cxd5 12.c4 dxc4 13.Bxc4 e6 14.Bb5+ Bd7 15.Bxd7+ Kxd7
16.Rhd1 Bc5 17.Ke2+ Ke7 18.Rd3 Rhd8 19.Rxd8 Rxd8 20.Bg5+ f6 21.exf6+ gxf6
22.Rc1 Bd4 23.Be3 Bxe3 24.Kxe3 Rd7 25.f4 Kd8 26.Rc2 Rd5 27.Rd2 Rxd2 28.Kxd2 h5
29.Ke3 Ke7 30.g3 b6 31.Ke4 Kd6 32.h3 Ke7 33.a4 Kf7 34.b4 a6 35.a5 bxa5 36.bxa5 Kg7
37.Kd4 Kg6 38.g4 hxg4 39.hxg4 Kh6 40.Kc5 e5  1/2-1/2

[Event "70th Jubilee"]
[Site "Obro DEN"]
[Date "2006.10.17"]
[Round "4"]
[White "Vajda,S"]
[Black "Madsen,PH"]
[Result "1-0"]
[WhiteElo "2401"]
[BlackElo "2116"]

1.e4 d5 2.exd5 Qxd5 3.Nc3 Qd6 4.d4 Nf6 5.Nf3 a6 6.g3 Nc6 7.Bg2 Bg4 8.O-O e6
9.h3 Bxf3 10.Bxf3 O-O-O 11.Bf4 Qxd4 12.Bxc6 Qxd1 13.Bxb7+ Kxb7 14.Raxd1 Bc5
15.Be5 Kc8 16.Kg2 Rxd1 17.Rxd1 Rd8 18.Rxd8+ Kxd8 19.Bxf6+ gxf6 20.g4 Bd4
21.Nd1 Ke7 22.Kf3 f5 23.gxf5 exf5 24.b3 Kf6 25.Ne3 Ke5 26.Ng2 Bb2 27.Nf4 Kd4
28.Ne2+ Ke5 29.c3 Ba3 30.Nf4 Bd6 31.Nd3+ Kd5 32.Ke3 c5 33.Nb2 Be5 34.Kd3 Bd6
35.Nc4 Bf8 36.a3 Ke6 37.Nb6 Kd6 38.Kc4 Kc6 39.Nd5 Bg7 40.Ne7+ Kb6 41.Nxf5 Bf8
42.Kd5 Kc7 43.c4 a5 44.Ke5 Kd7 45.Kf6 Ke8 46.f3 h6 47.f4 h5 48.h4  1-0

[Event "III Open"]
[Site "Calvia ESP"]
[Date "2006.10.20"]
[Round "1"]
[White "Galiana,J"]
[Black "Tiviakov,S"]
[Result "0-1"]
[WhiteElo "2291"]
[BlackElo "2680"]

1.e4 d5 2.exd5 Qxd5 3.Nc3 Qd6 4.Nf3 Nf6 5.h3 c6 6.Bc4 Bf5 7.Qe2 Nbd7 8.d3 e6
9.Bd2 Be7 10.Bb3 Nc5 11.Ne5 h6 12.f4 Nfd7 13.O-O a5 14.d4 Nxb3 15.Nc4 Qxd4+
16.Be3 Qf6 17.axb3 Bb4 18.Rfd1 Qe7 19.Rxd7 Qxd7 20.Nb6 Qd8 21.Rd1 Qb8 22.Nb5 O-O
23.Nd7 Qd8 24.Nb6 Qh4 25.Nxa8 Rxa8 26.Nd6 Bxd6 27.Rxd6 a4 28.bxa4 Rxa4 29.Bc1 Re4  0-1

[Event "WYG14"]
[Site "Batumi GEO"]
[Date "2006.10.21"]
[Round "3"]
[White "Kulon,K"]
[Black "Bulmaga,I"]
[Result "1-0"]
[WhiteElo "2107"]
[BlackElo "2081"]

1.e4 d5 2.exd5 Qxd5 3.Nc3 Qd6 4.d4 Nf6 5.g3 c6 6.Bg2 Bg4 7.Nf3 Nbd7 8.O-O e6
9.Bf4 Qb4 10.a3 Qb6 11.h3 Bh5 12.Re1 Be7 13.Qd2 O-O 14.g4 Bg6 15.Nh4 Rfe8
16.Nxg6 hxg6 17.Bh2 Qd8 18.g5 Nd5 19.Ne4 N7b6 20.b3 Nc8 21.c4 Ndb6 22.Red1 a5
23.h4 a4 24.Qc2 Bf8 25.c5 Nd5 26.Rab1 Qa5 27.b4 Qd8 28.b5 Na7 29.Bf1 Qd7
30.Qb2 e5 31.bxc6 bxc6 32.dxe5 Qg4+ 33.Bg2 Qxh4 34.Rd4 Qh5 35.Rxa4 Nb5 36.Rxa8 Rxa8
37.Ng3 Qxg5 38.Bxd5 cxd5 39.Qxb5 Qxe5 40.a4 f5 41.Ne2 Qe4 42.Ra1 Qg4+ 43.Bg3 g5
44.Kg2 f4 45.f3 Qe6 46.Bf2 g4 47.Qd3 gxf3+ 48.Qxf3 Qc6 49.Nxf4 Rxa4 50.Rxa4 Qxa4
51.Qxd5+ Kh7 52.Ne6 Bxc5 53.Nxc5 Qa1  1-0

[Event "32nd Guernsey Chess Festival"]
[Site "Grand Harve Bay GCI"]
[Date "2006.10.21"]
[Round "7"]
[White "Bakre,T"]
[Black "Gofshtein,Z"]
[Result "1/2-1/2"]
[WhiteElo "2447"]
[BlackElo "2509"]

1.e4 d5 2.exd5 Qxd5 3.Nc3 Qd6 4.d4 Nf6 5.Nf3 a6 6.g3 Bg4 7.Bg2 Nc6 8.h3 Bh5
9.O-O O-O-O 10.Be3 e5 11.dxe5 Nxe5 12.g4 Qxd1 13.Raxd1 Nxf3+ 14.Bxf3 Rxd1
15.Bxd1 Bg6 16.f4 h6 17.f5 Bh7 18.Bd4 Be7 19.Re1 Bd8 20.Bf3 c6 21.Kf1 Rg8
22.Ne4 Ne8 23.Ng3 Bh4 24.Bf2 g6 25.fxg6 fxg6 26.Ne4 Bxf2 27.Kxf2 Rf8 28.Kg3 g5
29.c3 Bg8 30.Nc5 Nd6 31.b3  1/2-1/2

[Event "10th Essent Open"]
[Site "Hoogeveen NED"]
[Date "2006.10.21"]
[Round "2"]
[White "De Jong,M"]
[Black "Dibala,R"]
[Result "1-0"]
[WhiteElo "2263"]
[BlackElo "2119"]

1.e4 d5 2.exd5 Qxd5 3.Nc3 Qd6 4.d4 Nf6 5.Be2 a6 6.Nf3 Bg4 7.h3 Bh5 8.Be3 e6
9.Qd2 Nbd7 10.O-O-O O-O-O 11.Ng5 Bg6 12.Bd3 Qe7 13.Bxg6 hxg6 14.d5 Ne5 15.Qe2 Nxd5
16.Nxd5 exd5 17.Bf4 f6 18.Rhe1 Re8 19.Bxe5 fxe5 20.Qg4+ Kb8 21.Rxd5 Qf6 22.Rd2 Bd6
23.Ne4 Qe6 24.Qxe6 Rxe6 25.Red1 Be7 26.Rd3 Kc8 27.Rf3 Bf6 28.c3 Rh4 29.Re3 Rh8
30.Kc2 Ree8 31.Rg3 Rh4 32.Nxf6 gxf6 33.Rxg6 f5 34.Rg7 Rd8 35.Rxd8+ Kxd8 36.f3 Rh6
37.Rf7 Rg6 38.g4 fxg4 39.fxg4 e4 40.Kd2 Rd6+ 41.Ke2 Rh6 42.g5 Rxh3 43.g6 Ke8
44.Rxc7 Kf8 45.Rxb7 a5 46.c4 a4 47.c5 a3 48.bxa3 Rc3 49.Rc7 Rxa3 50.c6 Rxa2+
51.Ke3 Rg2 52.g7+ Kg8 53.Rd7  1-0

[Event "TCh-BEL 2006-7"]
[Site "Belgium BEL"]
[Date "2006.10.22"]
[Round "2"]
[White "Michiels,R"]
[Black "Pytel,K"]
[Result "1/2-1/2"]
[WhiteElo "2263"]
[BlackElo "2381"]

1.e4 d5 2.exd5 Qxd5 3.Nc3 Qd6 4.Nf3 Nf6 5.d4 c6 6.Bg5 Bg4 7.Qd2 Nbd7 8.O-O-O e6
9.h3 Bxf3 10.gxf3 Be7 11.Rg1 Qb4 12.a3 Qa5 13.Bf4 Nh5 14.Bg5 Nhf6 15.Bf4 Nh5
16.Bg5  1/2-1/2

[Event "WYB18"]
[Site "Batumi GEO"]
[Date "2006.10.23"]
[Round "6"]
[White "Wang,Da"]
[Black "Ibarra Chami,L"]
[Result "1-0"]
[WhiteElo "2206"]
[BlackElo "2339"]

1.e4 d5 2.exd5 Qxd5 3.Nc3 Qd6 4.d4 Nf6 5.Nf3 c6 6.Be2 Bg4 7.O-O Nbd7 8.a4 e6
9.Bg5 Qc7 10.Ne5 Nxe5 11.dxe5 Bxe2 12.Qxe2 Nd7 13.f4 Bc5+ 14.Kh1 h6 15.Bh4 g5
16.Bg3 gxf4 17.Bxf4 Bd4 18.Ne4 Bc5 19.Rad1 Be7 20.Qh5 Rh7 21.Nf6+ Bxf6 22.exf6 Qb6
23.Rxd7 Kxd7 24.Rd1+ Kc8 25.a5 Qxb2 26.Qg4 b5 27.a6  1-0

[Event "10th Essent Open"]
[Site "Hoogeveen NED"]
[Date "2006.10.24"]
[Round "5"]
[White "Rooda,K"]
[Black "Dibala,R"]
[Result "1/2-1/2"]
[WhiteElo "2148"]
[BlackElo "2119"]

1.e4 d5 2.exd5 Qxd5 3.Nc3 Qd6 4.d4 Nf6 5.Be2 a6 6.Nf3 Bg4 7.h3 Bh5 8.Be3 e6
9.Qd2 Nc6 10.O-O-O O-O-O 11.a3 Bg6 12.Bf4 Qd7 13.Ne5 Nxe5 14.dxe5 Qxd2+ 15.Rxd2 Rxd2
16.Bxd2 Ne4 17.Nxe4 Bxe4 18.f3 Bc6 19.Be3 Be7 20.Rd1 Rd8 21.Rxd8+ Kxd8 22.g3 Kd7
23.Kd2 b6 24.f4 Bb5 25.c4 Bc6 26.c5 b5 27.Kc3 Bg2 28.h4 c6 29.Kd4 f5 30.Bd2 Bd8
31.Bc3 h6 32.Be1 g5 33.fxg5 hxg5 34.Bf2 Ke7 35.b4 Kf7 36.Bh5+ Kg7 37.hxg5 Bxg5
38.Be3 Bxe3+ 39.Kxe3 Kf8 40.Kf4 Ke7 41.Kg5 Be4 42.Bg6 Bf3 43.Kf4 Bd5 44.Bh5 Kd7
45.Bd1 Ba2 46.Bf3 Bc4  1/2-1/2

[Event "Magistral Barcelona Casino"]
[Site "Barcelona ESP"]
[Date "2006.10.25"]
[Round "7"]
[White "Dominguez,L"]
[Black "Narciso Dublan,M"]
[Result "1-0"]
[WhiteElo "2655"]
[BlackElo "2511"]

1.e4 d5 2.exd5 Qxd5 3.Nc3 Qd6 4.d4 c6 5.Nf3 Bg4 6.Be3 Nd7 7.h3 Bh5 8.g4 Bg6
9.d5 cxd5 10.Qxd5 Qxd5 11.Nxd5 O-O-O 12.O-O-O Ngf6 13.Nc3 Ne4 14.Na4 a6 15.Bg2 Nd6
16.Nb6+ Kb8 17.Nxd7+ Rxd7 18.Ne5 Rc7 19.Rd2 f6 20.Nxg6 hxg6 21.Bb6 Rc8 22.b3 f5
23.c4 e5 24.Rhd1 Ne4 25.Rd7 Ba3+ 26.Kc2 Rc6 27.Rd8+ Rxd8 28.Rxd8+ Rc8 29.Rxc8+ Kxc8
30.Bxe4 fxe4 31.Kd2 Kd7 32.Ke3 Ke6 33.Kxe4 Bb2 34.Be3 Ba1 35.Bd2 Bb2 36.f3 Ba1
37.Kd3 Bd4 38.Bc3  1-0

[Event "WYG18"]
[Site "Batumi GEO"]
[Date "2006.10.27"]
[Round "10"]
[White "Meskhi,Te"]
[Black "Hamrakulova,Y"]
[Result "1/2-1/2"]
[WhiteElo "2088"]
[BlackElo "2209"]

1.e4 d5 2.exd5 Qxd5 3.Nc3 Qd6 4.d4 Nf6 5.Nf3 a6 6.h3 Nbd7 7.Be3 e5 8.dxe5 Nxe5
9.Nxe5 Qxe5 10.Qd4 Qxd4 11.Bxd4 Be7 12.g4 O-O 13.Bg2 c6 14.O-O-O h5 15.Rhe1 Re8
16.Bxf6 gxf6 17.Be4 Kf8 18.f4 hxg4 19.f5 gxh3 20.Rh1 Bb4 21.Rxh3 Bxc3 22.bxc3 Ke7
23.Re3 Kf8 24.Rh3 Ke7  1/2-1/2

[Event "III Open"]
[Site "Calvia ESP"]
[Date "2006.10.28"]
[Round "9"]
[White "Strikovic,A"]
[Black "Tiviakov,S"]
[Result "1-0"]
[WhiteElo "2535"]
[BlackElo "2680"]

1.e4 d5 2.exd5 Qxd5 3.Nc3 Qd6 4.d4 Nf6 5.Nf3 a6 6.Be2 Nbd7 7.O-O g6 8.Bg5 Bg7
9.Qd2 b5 10.Bf4 Qb6 11.b4 Bb7 12.a4 Ne4 13.Nxe4 Bxe4 14.axb5 axb5 15.Ra5 O-O
16.Rxb5 Qc6 17.Ra5 Rad8 18.b5 Qb6 19.Ra6 Qb7 20.Qa5 e5 21.Ra7 Qb6 22.Qxb6 cxb6
23.Nxe5 Nxe5 24.dxe5 Bxc2 25.Be3 Bd3 26.Bxd3 Rxd3 27.Rb7 Bxe5 28.Rxb6 Rfd8
29.Rb7 Bd4 30.Bh6 Bf6 31.g3 Bg7 32.Bg5 Rc8 33.Rb1 Bd4 34.Bh6 Rf3 35.Rd7 Bxf2+
36.Kg2 Rf6 37.Rf1 g5 38.Bxg5 Rg6 39.Rxf2 Rxg5 40.b6 Rf8 41.Rb2 Re5 42.b7 Ree8
43.Kf3 Kg7 44.Rb6 Rb8 45.Rc6 Rbe8 46.g4 h6 47.h4 Rh8 48.Kf4 Rhf8 49.Kf5 Rh8
50.Rg6+ Kf8 51.Rf6 Rh7 52.Rc6  1-0

[Event "14th Chigorin Mem"]
[Site "St-Petersburg RUS"]
[Date "2006.10.28"]
[Round "7"]
[White "Mamedov,Rau"]
[Black "Vysochin,S"]
[Result "1-0"]
[WhiteElo "2564"]
[BlackElo "2531"]

1.e4 d5 2.exd5 Qxd5 3.Nc3 Qd6 4.d4 Nf6 5.Nf3 c6 6.Bd3 Bg4 7.Be3 Nbd7 8.Qe2 e6
9.O-O-O Be7 10.Kb1 O-O-O 11.h3 Bh5 12.g4 Bg6 13.Bxg6 hxg6 14.Ng5 Rhf8 15.Bc1 Nb6
16.a3 Nbd5 17.Nce4 Nxe4 18.Nxe4 Qc7 19.c4 Nf6 20.Nc3 a6 21.g5 Nh5 22.Be3 Kb8
23.Qf3 f5 24.gxf6 Nxf6 25.Qg2 Qa5 26.c5 Nd5 27.Nxd5 Rxd5 28.Qxg6 Rfd8 29.Bf4+ Ka7
30.Qxg7 Bf8 31.Qf7 Bxc5 32.Bc7 Qb5 33.Bxd8 Bxa3 34.Rd2 Bxb2 35.Rxb2 Qd3+
36.Ka2 Qc4+ 37.Ka1 Rb5 38.Qf3 Qa4+ 39.Kb1  1-0

[Event "Bundesliga 2006-7"]
[Site "Tegel GER"]
[Date "2006.10.29"]
[Round "2"]
[White "Popovic,Pe"]
[Black "Muse,D"]
[Result "1/2-1/2"]
[WhiteElo "2498"]
[BlackElo "2414"]

1.e4 d5 2.exd5 Qxd5 3.Nc3 Qd6 4.d4 Nf6 5.Nf3 c6 6.Ne5 Be6 7.Bf4 Qd8 8.Be2 Nbd7
9.O-O g6 10.Nxd7 Qxd7 11.Be5 Bg7 12.Ne4 O-O 13.Nc5 Qc8 14.Re1 Rd8 15.c3 Bd5
16.Bf1 b6 17.Na6 Rd7 18.Qa4 Qb7 19.Nb4 a5 20.Nd3 Rad8 21.Nf4 Bh6 22.h3 b5
23.Qc2 Bc4 24.Nd3 Bxd3 25.Qxd3 a4 26.a3 Ne8 27.Qf3 Nd6 28.h4  1/2-1/2

[Event "Open A"]
[Site "Le Touquet FRA"]
[Date "2006.10.31"]
[Round "5"]
[White "Schuermans,R"]
[Black "Pytel,K"]
[Result "1-0"]
[WhiteElo "2239"]
[BlackElo "2385"]

1.e4 d5 2.exd5 Qxd5 3.Nc3 Qd6 4.d4 Nf6 5.Nf3 c6 6.Ne5 Bf5 7.Bc4 e6 8.Bf4 Qd8
9.g4 Bg6 10.h4 Nbd7 11.Qe2 Bb4 12.O-O-O Bxc3 13.bxc3 Be4 14.g5 Bxh1 15.Nxf7 Qe7
16.Nd6+ Kf8 17.gxf6 Nxf6 18.Rxh1 Rd8 19.Qe5 Ng4 20.Qxe6 Qxe6 21.Bxe6 Nxf2
22.Re1 Ke7 23.Nxb7 Ra8 24.Bg5+ Kf8 25.Rf1 h6 26.Rxf2+ Ke8 27.Nd6+  1-0

[Event "Open A"]
[Site "Le Touquet FRA"]
[Date "2006.11.01"]
[Round "7"]
[White "Briet,G"]
[Black "Pauwels,R"]
[Result "1-0"]
[WhiteElo "2128"]
[BlackElo "1986"]

1.e4 d5 2.exd5 Qxd5 3.Nc3 Qd6 4.d4 Nf6 5.Nf3 a6 6.g3 Bg4 7.Bg2 Nc6 8.O-O O-O-O
9.d5 Nb4 10.h3 Bxf3 11.Qxf3 Nbxd5 12.Rd1 e6 13.Nxd5 exd5 14.c4 c6 15.Bf4 Qd7
16.cxd5 Nxd5 17.Rac1 Qf5 18.Rxd5 Rxd5 19.Qxd5  1-0

[Event "Femida"]
[Site "Kharkiv UKR"]
[Date "2006.11.02"]
[Round "3"]
[White "Kovchan,A"]
[Black "Smirnov,I UKR"]
[Result "1-0"]
[WhiteElo "2518"]
[BlackElo "2439"]

1.e4 d5 2.exd5 Qxd5 3.Nc3 Qd6 4.g3 Nf6 5.Bg2 Bg4 6.Nge2 Nc6 7.h3 Bh5 8.O-O e6
9.d3 Be7 10.a3 O-O 11.g4 Bg6 12.f4 Ne8 13.Be3 Qd7 14.b4 a6 15.Na4 Rd8 16.Nc5 Bxc5
17.bxc5 Nf6 18.Rb1 Qc8 19.Nc3 h6 20.Qe1 Ne8 21.Qg3 f5 22.g5 Bh5 23.Rb2 g6
24.Rfb1 hxg5 25.Rxb7 Qd7 26.Qxg5 Nf6 27.R1b6 Nd5 28.Nxd5 exd5 29.Rxa6 Rb8
30.Rxb8 Rxb8 31.Qf6 Re8 32.Bf2  1-0

[Event "TCh-AUT 2006-7"]
[Site "Graz AUT"]
[Date "2006.11.03"]
[Round "1"]
[White "Freitag,M"]
[Black "Kreindl,H"]
[Result "1/2-1/2"]
[WhiteElo "2413"]
[BlackElo "2235"]

1.e4 d5 2.exd5 Qxd5 3.Nc3 Qd6 4.d4 Nf6 5.Nf3 c6 6.Ne5 Nbd7 7.Nc4 Qc7 8.Qf3 Nb6
9.Ne5 Be6 10.Bf4 Nbd5 11.Bg3 Nxc3 12.Qxc3 Ne4 13.Qe3 Nxg3 14.hxg3 Qd6 15.c3 g6
16.Be2 Bg7 17.f4 h5 18.O-O Bxe5 19.dxe5 Qc7 20.a3 Qb6 21.Qxb6 axb6 22.Rad1 Rd8
23.Kf2 Bg4 24.Bxg4 hxg4 25.Rxd8+ Kxd8 26.Rd1+ Kc7 27.Ke3 e6 28.c4 Rh2 29.Kf2 Rh8
30.Ke3 Rh2 31.Kf2  1/2-1/2

[Event "Sub Zonal 2.3.2C"]
[Site "Panama PAN"]
[Date "2006.11.03"]
[Round "4"]
[White "Urbina,R"]
[Black "Juarez Flores,C"]
[Result "0-1"]
[WhiteElo "2290"]
[BlackElo "2366"]

1.e4 d5 2.exd5 Qxd5 3.Nc3 Qd6 4.d4 Nf6 5.Bc4 a6 6.Bb3 e6 7.Nge2 b5 8.Bf4 Qd8
9.Qc1 c5 10.dxc5 Bxc5 11.Bxb8 Rxb8 12.Qg5 Qe7 13.O-O-O Bxf2 14.Rhf1 h6 15.Qe5 Ba7
16.Rd3 Bb7 17.Rg3 Qc5 18.Qf4 Rd8 19.Kb1 Bb8 20.Qh4 Bxg3 21.Qxg3 Qg5 22.Qc7 Qxg2
23.Rg1 Qc6 24.Qe5 Qd6 25.Qe3 b4 26.Rd1 Qc7 27.Ba4+ Kf8 28.Rxd8+ Qxd8 29.Qc5+ Qe7
30.Qa7 bxc3  0-1

[Event "FSIM November"]
[Site "Budapest HUN"]
[Date "2006.11.04"]
[Round "1"]
[White "Szakolczai,P"]
[Black "Brustkern,J"]
[Result "0-1"]
[WhiteElo "2287"]
[BlackElo "2224"]

1.e4 d5 2.exd5 Qxd5 3.Nc3 Qd6 4.Bc4 Nf6 5.d3 a6 6.h3 b5 7.Bb3 Bb7 8.Nf3 Nbd7
9.Be3 e6 10.Qe2 Nc5 11.O-O-O Nxb3+ 12.axb3 Be7 13.Ne4 Qd5 14.Bg5 a5 15.Bxf6 gxf6
16.Nc3 Qd7 17.d4 b4 18.Na4 Qd5 19.Qe3 O-O 20.h4 Kh8 21.Nc5 Bc6 22.Rh3 Rg8
23.Ne1 Rad8 24.Rd3 Rg4 25.c3 Qh5 26.Nxe6 fxe6 27.f3 Rxh4 28.Qxe6 Qg5+ 29.Kc2 Rxh3
30.gxh3 Bd6  0-1

[Event "10th OIBM"]
[Site "Bad Wiessee GER"]
[Date "2006.11.05"]
[Round "2"]
[White "Doell,D"]
[Black "Kopylov,M"]
[Result "0-1"]
[WhiteElo "2159"]
[BlackElo "2469"]

1.e4 d5 2.exd5 Qxd5 3.Nc3 Qd6 4.d4 Nf6 5.Nf3 a6 6.h3 b5 7.a3 Bb7 8.Be2 e6
9.O-O Be7 10.Be3 O-O 11.Ne1 Rd8 12.Bf3 Bxf3 13.Nxf3 Nbd7 14.Qe2 Nb6 15.b3 Qc6
16.Nd1 Nbd5 17.Ne5 Qd6 18.c4 Nxe3 19.fxe3 c5 20.Nf3 Ne4 21.Qc2 Ng3 22.Rf2 bxc4
23.Qxc4 Rac8 24.dxc5 Rxc5 25.Qf4 Qxd1+ 26.Rxd1 Rxd1+ 27.Kh2 Bd6 28.Ne5 Rh1+  0-1